Quick Pick: '70s Question Songs Quiz Stats

 Plays Quiz Updated Oct 6, 2017

Score 0/10 Timer 01:00
1 Play Today
% Correct
Rod Stewart
87.4%
Bee Gees
83.5%
The Who
82.6%
Creedence Clearwater Revival
81.8%
Tony Orlando and Dawn
60.9%
Joe Jackson
60.5%
Olivia Newton-John
57.6%
The Three Degrees
52%
War
49%
Billy Preston
49%

Today's Daily Dose

Missing Word
Wicked Songs

Word Ladder
Blue Ivies

Get the Picture
Green on the Flag?

You're not logged in!

Compare scores with friends on all Sporcle quizzes.
OR
Log In

You Might Also Like...

Show Comments

Extras

Top Quizzes Today


Score Distribution

Your Account Isn't Verified!

In order to create a playlist on Sporcle, you need to verify the email address you used during registration. Go to your Sporcle Settings to finish the process.

Report this User

Report this user for behavior that violates our Community Guidelines.

Details: